<?xml version="1.0" encoding="UTF-8"?>
<record
    xmlns:xsi="http://www.w3.org/2001/XMLSchema-instance"
    xsi:schemaLocation="http://www.loc.gov/MARC21/slim http://www.loc.gov/standards/marcxml/schema/MARC21slim.xsd"
    xmlns="http://www.loc.gov/MARC21/slim">

  <leader>00855nam a2200265 a 4500</leader>
  <controlfield tag="001">BRCA_8094</controlfield>
  <controlfield tag="005">20190320210129.0</controlfield>
  <controlfield tag="008">070414s1964----gw-####f##---#001-0#ger-#</controlfield>
  <datafield tag="041" ind1=" " ind2=" ">
    <subfield code="a">ger</subfield>
  </datafield>
  <datafield tag="044" ind1=" " ind2=" ">
    <subfield code="a">gw</subfield>
  </datafield>
  <datafield tag="050" ind1=" " ind2="4">
    <subfield code="a">HC286.5</subfield>
    <subfield code="b">.ER67</subfield>
    <subfield code="c">1964</subfield>
  </datafield>
  <datafield tag="100" ind1="1" ind2=" ">
    <subfield code="a">Erhard Ludwig</subfield>
    <subfield code="9">20130</subfield>
  </datafield>
  <datafield tag="245" ind1="1" ind2="0">
    <subfield code="a">La econom&#xED;a social de mercado</subfield>
    <subfield code="b">pol&#xED;tica econ&#xF3;mica de Alemania</subfield>
    <subfield code="c">Ludwig Erhard ; traducci&#xF3;n del alem&#xE1;n por Manuel Scholz y Emma Gifre.</subfield>
  </datafield>
  <datafield tag="260" ind1=" " ind2=" ">
    <subfield code="a">Barcelona</subfield>
    <subfield code="b">Omega</subfield>
    <subfield code="c">1964</subfield>
  </datafield>
  <datafield tag="300" ind1=" " ind2=" ">
    <subfield code="a">434 p.</subfield>
    <subfield code="b">Tablas</subfield>
    <subfield code="c">22 cm.</subfield>
  </datafield>
  <datafield tag="500" ind1=" " ind2=" ">
    <subfield code="a">Y135</subfield>
  </datafield>
  <datafield tag="500" ind1=" " ind2=" ">
    <subfield code="a">Dedicatoria del autor al se&#xF1;or Franz Mayer</subfield>
  </datafield>
  <datafield tag="650" ind1="1" ind2="4">
    <subfield code="a">Econom&#xED;a</subfield>
    <subfield code="z">Alemania</subfield>
    <subfield code="9">14494</subfield>
  </datafield>
  <datafield tag="650" ind1="1" ind2="4">
    <subfield code="a">Mercado</subfield>
    <subfield code="v">Pol&#xED;ticas sociales</subfield>
    <subfield code="z">Alemania</subfield>
    <subfield code="9">20131</subfield>
  </datafield>
  <datafield tag="650" ind1="1" ind2="4">
    <subfield code="a">Fianazas</subfield>
    <subfield code="z">Alemania</subfield>
    <subfield code="9">20132</subfield>
  </datafield>
  <datafield tag="700" ind1="1" ind2=" ">
    <subfield code="a">Scholz, Manuel</subfield>
    <subfield code="e">tr.</subfield>
    <subfield code="9">20133</subfield>
  </datafield>
  <datafield tag="700" ind1="1" ind2=" ">
    <subfield code="a">Gifre, Ema</subfield>
    <subfield code="e">tr.</subfield>
    <subfield code="9">20134</subfield>
  </datafield>
  <datafield tag="902" ind1=" " ind2=" ">
    <subfield code="a">GFM</subfield>
  </datafield>
  <datafield tag="942" ind1=" " ind2=" ">
    <subfield code="2">lcc</subfield>
    <subfield code="c">B</subfield>
  </datafield>
  <datafield tag="999" ind1=" " ind2=" ">
    <subfield code="c">7762</subfield>
    <subfield code="d">7762</subfield>
  </datafield>
  <datafield tag="952" ind1=" " ind2=" ">
    <subfield code="0">0</subfield>
    <subfield code="1">0</subfield>
    <subfield code="4">0</subfield>
    <subfield code="7">0</subfield>
    <subfield code="a">BRCA</subfield>
    <subfield code="b">BRCA</subfield>
    <subfield code="d">2014-04-07</subfield>
    <subfield code="i">Y135</subfield>
    <subfield code="l">0</subfield>
    <subfield code="o">HC286.5 .ER67 1964 (Y135)</subfield>
    <subfield code="p">8718</subfield>
    <subfield code="r">2019-03-22 00:00:00</subfield>
    <subfield code="w">2019-03-22</subfield>
    <subfield code="y">B</subfield>
  </datafield>
</record>
